[Event "European School-ch 2019"]
[Site "Mamaia"]
[Date "2019.06.05"]
[Round "6.43"]
[White "Voronaya, Eva"]
[Black "Zarkua, Anastasia"]
[Result "1/2-1/2"]
[WhiteElo "1005"]
[BlackElo "1108"]
[Annotator "NA RC"]
[PlyCount "117"]
[EventDate "2019.05.31"]
[EventType "swiss"]
[EventCountry "ROU"]
[SourceTitle "playchess.com"]
[Source "ChessBase"]
[SourceQuality "1"]
[TimeControl "40/5400+30:1800+30"]

1. d4 {[%emt 0:00:00]} f5 {[%emt 0:00:00]} 2. c4 {[%emt 0:00:00]} g6 {[%emt 0:00:06]} 3. Nc3 {[%emt 0:00:40]} Nf6 {[%emt 0:00:46]} 4. Nf3 {[%emt 0:00:46]} Bg7 {[%emt 0:00:29]} 5. b4 {[%emt 0:00:12]} O-O {[%emt 0:00:32]} 6. Bb2 {[%emt 0:01:32]} d6 {[%emt 0:00:47]} 7. e3 {[%emt 0:01:47]} c6 {[%emt 0:01:15]} 8. Be2 {[%emt 0:01:01]} Qe8 {[%emt 0:01:25]} 9. O-O {[%emt 0:02:56]} Nbd7 {[%emt 0:02:32]} 10. Ng5 {[%emt 0:01:17]} e5 {[%emt 0:02:56]} 11. dxe5 {[%emt 0:02:44]} dxe5 {[%emt 0:01:20]} 12. c5 {[%emt 0:01:45]} h6 {[%emt 0:02:55]} 13. Bc4+ {[%emt 0:00:33]} Kh8 {[%emt 0:00:21]} 14. Ne6 {[%emt 0:00:56]} Rb8 {[%emt 0:02:56]} 15. Nxf8 {[%emt 0:02:02]} Bxf8 {[%emt 0:00:48]} 16. Qb3 {[%emt 0:06:20]} Kg7 {[%emt 0:03:04]} 17. a4 {[%emt 0:04:35]} a5 {[%emt 0:03:48]} 18. bxa5 {[%emt 0:08:46]} Nxc5 {[%emt 0:01:01]} 19. Qc2 {[%emt 0:01:41]} Ra8 {[%emt 0:02:15]} 20. Ne2 {[%emt 0:02:38]} Rxa5 {[%emt 0:03:21]} 21. Bc3 {[%emt 0:09:30]} Ra8 {[%emt 0:00:42]} 22. a5 {[%emt 0:02:53]} Bd6 {[%emt 0:06:39]} 23. Rfd1 {[%emt 0:00:40]} Bc7 {[%emt 0:03:32]} 24. Bb4 {[%emt 0:08:02]} Nce4 {[%emt 0:03:28]} 25. Nc3 {[%emt 0:01:33]} c5 {[%emt 0:08:06]} 26. Nxe4 {[%emt 0:03:53]} Nxe4 {[%emt 0:00:21]} 27. Be1 {[%emt 0:01:37]} Nd6 {[%emt 0:10:25]} 28. Bd5 {[%emt 0:01:44]} Nb5 {[%emt 0:09:14]} 29. Qa4 {[%emt 0:01:19]} Bd7 {[%emt 0:03:37]} 30. Bc4 {[%emt 0:07:29]} Nd6 {[%emt 0:02:28]} 31. Qc2 {[%emt 0:00:45]} Nxc4 {[%emt 0:01:18]} 32. Qxc4 {[%emt 0:01:52]} Qe7 {[%emt 0:00:24]} 33. Qb3 {[%emt 0:05:07]} Bc6 {[%emt 0:01:03]} 34. Qc4 {[%emt 0:05:50]} Qg5 {[%emt 0:01:13]} 35. g3 {[%emt 0:01:01]} Qe7 {[%emt 0:00:40]} 36. Bc3 {[%emt 0:03:28]} Kh7 {[%emt 0:02:58]} 37. Qa2 {[%emt 0:04:25]} f4 {[%emt 0:00:51]} 38. exf4 {[%emt 0:01:18]} exf4 {[%emt 0:00:10]} 39. Re1 {[%emt 0:00:10]} Qf8 {[%emt 0:01:53]} 40. Qe2 {[%emt 0:00:00]} Re8 {[%emt 0:00:00]} 41. Qf1 {[%emt 0:01:56]} Ra8 {[%emt 0:02:06]} 42. Re6 {[%emt 0:03:08]} Bd8 {[%emt 0:01:22]} 43. Qd3 {[%emt 0:01:19]} Qf7 {[%emt 0:00:29]} 44. Rae1 {[%emt 0:00:55]} fxg3 {[%emt 0:00:59]} 45. hxg3 {[%emt 0:00:23]} Bg5 {[%emt 0:04:02]} 46. Qc4 {[%emt 0:03:52]} Rf8 {[%emt 0:01:28]} 47. Qxc5 {[%emt 0:02:16]} Qf3 {[%emt 0:00:57]} 48. Rxc6 {[%emt 0:05:17]} bxc6 {[%emt 0:00:59]} 49. Qd4 {[%emt 0:00:58]} Bf6 {[%emt 0:02:49]} 50. Qd7+ {[%emt 0:00:30]} Kg8 {[%emt 0:01:00]} 51. Bxf6 {[%emt 0:02:44]} Qxf6 {[%emt 0:00:16]} 52. Qe6+ {[%emt 0:00:45]} Qf7 {[%emt 0:00:51]} 53. Qxf7+ {[%emt 0:00:53]} Kxf7 {[%emt 0:00:27]} 54. Re4 {[%emt 0:01:50]} Ra8 {[%emt 0:00:24]} 55. Ra4 {[%emt 0:00:46]} Ke6 {[%emt 0:00:11]} 56. a6 {[%emt 0:00:53]} Kd7 {[%emt 0:00:08]} 57. a7 {[%emt 0:03:41]} Kc7 {[%emt 0:00:21]} 58. Rh4 {[%emt 0:00:52]} h5 {[%emt 0:00:17]} 59. g4 {[%emt 0:00:54]} 1/2-1/2

[Event "European School-ch 2019"]
[Site "Mamaia"]
[Date "2019.06.05"]
[Round "6.44"]
[White "Sida, Flavia-Maria"]
[Black "Shatil, Or"]
[Result "1/2-1/2"]
[WhiteElo "1219"]
[BlackElo "1199"]
[Annotator "NA RC"]
[PlyCount "79"]
[EventDate "2019.05.31"]
[EventType "swiss"]
[EventCountry "ROU"]
[SourceTitle "playchess.com"]
[Source "ChessBase"]
[SourceQuality "1"]
[TimeControl "40/5400+30:1800+30"]

1. d4 {[%emt 0:00:00]} Nf6 {[%emt 0:00:00]} 2. c4 {[%emt 0:00:00]} g6 {[%emt 0:00:00]} 3. Bg5 {[%emt 0:00:23]} Ne4 {[%emt 0:00:28]} 4. Bf4 {[%emt 0:00:18]} Bg7 {[%emt 0:00:51]} 5. f3 {[%emt 0:00:58]} Nf6 {[%emt 0:02:35]} 6. e4 {[%emt 0:01:03]} c5 {[%emt 0:01:24]} 7. d5 {[%emt 0:09:25]} d6 {[%emt 0:08:58]} 8. Nc3 {[%emt 0:04:35]} O-O {[%emt 0:04:32]} 9. Bd3 {[%emt 0:03:27]} Nbd7 {[%emt 0:03:09]} 10. Nge2 {[%emt 0:01:58]} Nh5 {[%emt 0:01:57]} 11. Be3 {[%emt 0:04:24]} Ne5 {[%emt 0:01:37]} 12. h3 {[%emt 0:09:15]} Nxd3+ {[%emt 0:07:15]} 13. Qxd3 {[%emt 0:00:30]} f5 {[%emt 0:07:13]} 14. exf5 {[%emt 0:03:32]} Bxf5 {[%emt 0:01:48]} 15. Qd2 {[%emt 0:00:42]} Bd7 {[%emt 0:07:22]} 16. g4 {[%emt 0:06:49]} Nf6 {[%emt 0:00:57]} 17. Bh6 {[%emt 0:06:29]} e6 {[%emt 0:06:12]} 18. Bxg7 {[%emt 0:01:32]} Kxg7 {[%emt 0:02:14]} 19. h4 {[%emt 0:00:50]} exd5 {[%emt 0:04:34]} 20. cxd5 {[%emt 0:00:17]} Qe7 {[%emt 0:02:36]} 21. O-O-O {[%emt 0:01:21]} Rae8 {[%emt 0:01:34]} 22. h5 {[%emt 0:06:41]} Qe3 {[%emt 0:03:16]} 23. h6+ {[%emt 0:01:06]} Kh8 {[%emt 0:01:12]} 24. Rhf1 {[%emt 0:11:46]} Nxd5 {[%emt 0:08:38]} 25. Nxd5 {[%emt 0:06:18]} Qxe2 {[%emt 0:00:41]} 26. Qc3+ {[%emt 0:00:48]} Qe5 {[%emt 0:00:25]} 27. Qxe5+ {[%emt 0:01:16]} Rxe5 {[%emt 0:01:36]} 28. f4 {[%emt 0:02:12]} Re4 {[%emt 0:02:01]} 29. g5 {[%emt 0:06:24]} Rc4+ {[%emt 0:01:16]} 30. Nc3 {[%emt 0:00:57]} Rcxf4 {[%emt 0:05:20]} 31. Rxf4 {[%emt 0:00:21]} Rxf4 {[%emt 0:00:23]} 32. Rxd6 {[%emt 0:00:08]} Rd4 {[%emt 0:02:17]} 33. Rf6 {[%emt 0:00:36]} Kg8 {[%emt 0:00:26]} 34. Kc2 {[%emt 0:00:46]} Bf5+ {[%emt 0:00:41]} 35. Kb3 {[%emt 0:00:21]} Rb4+ {[%emt 0:01:43]} 36. Ka3 {[%emt 0:00:13]} Rb6 {[%emt 0:03:09]} 37. Rxb6 {[%emt 0:00:15]} axb6 {[%emt 0:00:07]} 38. Nd5 {[%emt 0:00:09]} b5 {[%emt 0:01:10]} 39. Nf6+ {[%emt 0:00:07]} Kh8 {[%emt 0:00:37]} 40. b3 {[%emt 0:00:00]} 1/2-1/2

[Event "European School-ch 2019"]
[Site "Mamaia"]
[Date "2019.06.05"]
[Round "6.45"]
[White "Arora, Tashika"]
[Black "Zhapova, Yana"]
[Result "0-1"]
[WhiteElo "1471"]
[BlackElo "1804"]
[Annotator "NA RC"]
[PlyCount "140"]
[EventDate "2019.05.31"]
[EventType "swiss"]
[EventCountry "ROU"]
[SourceTitle "playchess.com"]
[Source "ChessBase"]
[SourceQuality "1"]
[TimeControl "40/5400+30:1800+30"]

1. d4 {[%emt 0:00:00]} d5 {[%emt 0:00:00]} 2. Nf3 {[%emt 0:00:00]} Nf6 {[%emt 0:00:15]} 3. Bf4 {[%emt 0:00:00]} c5 {[%emt 0:02:24]} 4. e3 {[%emt 0:00:02]} cxd4 {[%emt 0:02:44]} 5. exd4 {[%emt 0:03:55]} Nc6 {[%emt 0:00:23]} 6. Be2 {[%emt 0:01:34]} Bg4 {[%emt 0:01:34]} 7. c3 {[%emt 0:04:40]} e6 {[%emt 0:02:31]} 8. O-O {[%emt 0:01:22] B05: Alekhine's Defence: 4 Nf3 Bg4} Bd6 {[%emt 0:03:07]} (8... Bxf3 9. Bxf3 Bd6 10. Bxd6 Qxd6 11. Nd2 O-O 12. g3 b5 13. a3 a5 14. Nb3 {½-½ (39) Rozentalis,E (2605)-Wojtaszek,R (2622) Ermioni Argolidas 2006}) 9. Ne5 {[%emt 0:03:06]} Bxe2 {[%emt 0:01:58]} 10. Qxe2 {[%emt 0:00:11]} O-O {[%emt 0:00:34]} 11. Nxc6 $146 {[%emt 0:03:37]} ({Predecessor:} 11. Nd2 Qc7 12. Bg3 Rac8 13. f4 Ne7 14. Bh4 Ne8 15. Rae1 Ng6 {1-0 (35) Pohl,A (1572)-Breuer,L (1709) Gelsenkirchen 2018}) 11... bxc6 {[%emt 0:00:13]} 12. Bxd6 {[%emt 0:01:12]} Qxd6 {[%emt 0:00:11]} 13. Nd2 {[%emt 0:02:08]} c5 {[%emt 0:04:08]} 14. dxc5 Qxc5 {[%emt 0:00:09]} 15. Nb3 {[%emt 0:05:55]} Qb6 {[%emt 0:02:32]} 16. Rac1 {[%emt 0:02:27]} Rac8 {[%emt 0:02:32]} 17. Rfd1 {[%emt 0:05:13]} Ne4 {[%emt 0:01:58]} 18. Rd4 {[%emt 0:04:43]} Nd6 {[%emt 0:08:32]} 19. Rb4 {[%emt 0:05:05]} Qd8 {[%emt 0:03:59]} 20. Nd2 {[%emt 0:07:06]} Qg5 {[%emt 0:08:54]} 21. Rg4 {[%emt 0:02:28]} Qf6 {[%emt 0:00:21]} 22. Rb4 {[%emt 0:06:34]} Rfd8 {[%emt 0:00:43]} 23. Rd1 {[%emt 0:01:34]} h6 {[%emt 0:02:02]} 24. Qg4 {[%emt 0:05:21]} Nf5 {[%emt 0:03:15]} 25. Nb3 {[%emt 0:04:28]} e5 {[%emt 0:05:18]} 26. h3 {[%emt 0:04:06]} g6 {[%emt 0:10:00]} 27. Qf3 {[%emt 0:01:44]} Qe6 {[%emt 0:00:57]} 28. Qe2 {[%emt 0:02:35]} Ng7 {[%emt 0:09:53]} 29. Re1 {[%emt 0:01:20]} Re8 {[%emt 0:00:21]} 30. Rb7 {[%emt 0:02:13]} a6 {[%emt 0:01:48]} 31. Rb4 {[%emt 0:01:22]} Rc6 {[%emt 0:04:31]} 32. Na5 {[%emt 0:01:49]} Rc5 {[%emt 0:01:21]} 33. Nb3 {[%emt 0:01:15]} Rc6 {[%emt 0:00:35]} 34. Na5 {[%emt 0:01:09]} Rb6 {[%emt 0:01:21]} 35. Rxb6 {[%emt 0:01:07]} Qxb6 {[%emt 0:00:04]} 36. b4 {[%emt 0:00:44]} Nh5 {[%emt 0:00:59]} 37. Qe3 {[%emt 0:01:23]} Qc7 {[%emt 0:01:37]} 38. g3 {[%emt 0:01:03]} Kg7 {[%emt 0:00:43]} 39. Kf1 {[%emt 0:00:50]} Nf6 {[%emt 0:00:31]} 40. Nb3 {[%emt 0:00:00]} Qc4+ {[%emt 0:00:00]} 41. Kg2 {[%emt 0:01:43]} d4 {[%emt 0:07:59]} 42. cxd4 {[%emt 0:01:55]} exd4 {[%emt 0:00:05] Pin} 43. Qd2 {[%emt 0:00:49]} Qd5+ {[%emt 0:00:42]} 44. Kg1 {[%emt 0:00:40]} Rxe1+ {[%emt 0:01:11]} 45. Qxe1 {[%emt 0:00:13]} Ne4 {[%emt 0:00:16]} 46. Qa1 {[%emt 0:00:56]} Nc3 {[%emt 0:00:10]} 47. Qb2 {[%emt 0:03:01]} Qc4 {[%emt 0:03:54]} 48. Nc1 {[%emt 0:02:12] [#]} d3 $1 {[%emt 0:06:11]} 49. Qd2 $2 {[%emt 0:02:52]} (49. Nb3 $17 {is a better chance.}) 49... Ne4 {[%emt 0:01:21]} 50. Qd1 {[%emt 0:07:53]} d2 {[%emt 0:01:08]} 51. Nb3 {[%emt 0:01:36]} Qxb4 {[%emt 0:01:14]} 52. Kg2 {[%emt 0:03:01]} (52. Qe2 $142) 52... Qb6 {[%emt 0:01:34]} 53. Qe2 {[%emt 0:03:01] [#]} d1=Q $19 {[%emt 0:00:25]} 54. Qxe4 {[%emt 0:03:26]} Qe6 {[%emt 0:00:37]} 55. Qxe6 {[%emt 0:00:28]} fxe6 {[%emt 0:00:05]} 56. h4 {[%emt 0:00:15]} e5 {[%emt 0:00:18]} 57. f3 {[%emt 0:00:40]} Qc2+ {[%emt 0:00:14]} 58. Kf1 {[%emt 0:00:29]} Qxa2 {[%emt 0:00:09]} 59. Nc5 {[%emt 0:00:09]} Qc4+ {[%emt 0:00:04]} 60. Ke1 {[%emt 0:00:10]} Qxc5 {[%emt 0:00:04]} 61. Ke2 {[%emt 0:00:24]} Qc2+ {[%emt 0:00:07]} 62. Ke3 {[%emt 0:00:08]} a5 {[%emt 0:00:12]} 63. f4 {[%emt 0:00:09]} exf4+ {[%emt 0:00:09]} 64. Kxf4 {[%emt 0:00:18]} a4 {[%emt 0:00:11]} 65. Ke5 {[%emt 0:00:07]} a3 {[%emt 0:00:05]} 66. Kd5 {[%emt 0:00:09]} a2 {[%emt 0:00:07]} 67. Kd6 {[%emt 0:00:04]} a1=Q {[%emt 0:00:08]} 68. Kd5 {[%emt 0:00:07]} Qad1+ {[%emt 0:00:20]} 69. Ke5 {[%emt 0:00:08]} Qce2+ {[%emt 0:00:06]} 70. Kf4 {[%emt 0:00:04]} Qdf1# {[%emt 0:00:06]} 0-1

[Event "European School-ch 2019"]
[Site "Mamaia"]
[Date "2019.06.05"]
[Round "6.46"]
[White "Babic, Masa"]
[Black "Andries, Alexia"]
[Result "1-0"]
[WhiteElo "1715"]
[BlackElo "1287"]
[Annotator "NA RC"]
[PlyCount "95"]
[EventDate "2019.05.31"]
[EventType "swiss"]
[EventCountry "ROU"]
[SourceTitle "playchess.com"]
[Source "ChessBase"]
[SourceQuality "1"]
[TimeControl "40/5400+30:1800+30"]

1. Nf3 {[%emt 0:00:00]} c5 {[%emt 0:00:03]} 2. c4 {[%emt 0:00:04]} Nc6 {[%emt 0:01:23]} 3. d4 {[%emt 0:01:58]} cxd4 {[%emt 0:03:22]} 4. Nxd4 {[%emt 0:00:46]} e6 {[%emt 0:11:02]} 5. Nc3 {[%emt 0:11:05]} Bb4 {[%emt 0:14:55]} 6. Ndb5 {[%emt 0:08:51]} a6 {[%emt 0:03:21]} 7. Nd6+ {[%emt 0:01:02]} Bxd6 {[%emt 0:00:33]} 8. Qxd6 {[%emt 0:00:06]} Qe7 {[%emt 0:03:16]} 9. Qd1 {[%emt 0:05:49]} Nf6 {[%emt 0:07:14]} 10. g3 {[%emt 0:02:41]} O-O {[%emt 0:02:14]} 11. Bg2 {[%emt 0:04:59]} Qc5 {[%emt 0:07:32]} 12. b3 {[%emt 0:14:59]} Ne7 {[%emt 0:13:38]} 13. Na4 {[%emt 0:08:31]} Qc7 {[%emt 0:01:45]} 14. Ba3 {[%emt 0:05:04]} Re8 {[%emt 0:02:13]} 15. Bd6 {[%emt 0:04:24]} Qa5+ {[%emt 0:03:40]} 16. Qd2 {[%emt 0:01:08]} Qxd2+ {[%emt 0:00:27]} 17. Kxd2 {[%emt 0:00:07]} Nf5 {[%emt 0:01:41]} 18. Bc7 {[%emt 0:03:29]} Ng4 {[%emt 0:03:49]} 19. Nb6 {[%emt 0:01:59]} Nxf2 {[%emt 0:00:59]} 20. Rhg1 {[%emt 0:01:26]} Ng4 {[%emt 0:01:32]} 21. h3 {[%emt 0:00:24]} Nf6 {[%emt 0:00:39]} 22. Nxa8 {[%emt 0:00:35]} b5 {[%emt 0:01:16]} 23. Be5 {[%emt 0:00:51]} d6 {[%emt 0:00:52]} 24. Bxf6 {[%emt 0:00:21]} gxf6 {[%emt 0:00:20]} 25. Rac1 {[%emt 0:02:26]} bxc4 {[%emt 0:03:56]} 26. Rxc4 {[%emt 0:01:11]} Bd7 {[%emt 0:01:00]} 27. Nb6 {[%emt 0:00:50]} Bb5 {[%emt 0:00:46]} 28. Rc8 {[%emt 0:00:58]} Rxc8 {[%emt 0:00:30]} 29. Nxc8 {[%emt 0:00:05]} d5 {[%emt 0:00:45]} 30. g4 {[%emt 0:02:54]} Nd4 {[%emt 0:00:21]} 31. e3 {[%emt 0:02:46]} Ne2 {[%emt 0:00:25]} 32. Re1 {[%emt 0:00:30]} Ng3 {[%emt 0:00:10]} 33. Nd6 {[%emt 0:00:37]} Kg7 {[%emt 0:02:17]} 34. Nxb5 {[%emt 0:00:23]} axb5 {[%emt 0:00:10]} 35. Bf3 {[%emt 0:00:20]} Ne4+ {[%emt 0:00:24]} 36. Bxe4 {[%emt 0:00:17]} dxe4 {[%emt 0:00:05]} 37. a4 {[%emt 0:00:03]} bxa4 {[%emt 0:00:33]} 38. bxa4 {[%emt 0:00:04]} Kg6 {[%emt 0:00:34]} 39. a5 {[%emt 0:00:03]} h5 {[%emt 0:00:11]} 40. a6 {[%emt 0:00:00]} hxg4 {[%emt 0:00:00]} 41. hxg4 {[%emt 0:00:12]} Kg5 {[%emt 0:00:27]} 42. Rg1 {[%emt 0:00:08]} f5 {[%emt 0:01:09]} 43. gxf5+ {[%emt 0:00:06]} Kxf5 {[%emt 0:00:06]} 44. a7 {[%emt 0:00:06]} Ke5 {[%emt 0:00:16]} 45. a8=Q {[%emt 0:00:11]} f6 {[%emt 0:00:23]} 46. Qa5+ {[%emt 0:00:09]} Kd6 {[%emt 0:00:37]} 47. Qb6+ {[%emt 0:00:09]} Ke5 {[%emt 0:00:33]} 48. Qc5# {[%emt 0:00:07]} 1-0

[Event "European School-ch 2019"]
[Site "Mamaia"]
[Date "2019.06.05"]
[Round "6.47"]
[White "Babic, Milana"]
[Black "Rasheva, Nora"]
[Result "1-0"]
[WhiteElo "1677"]
[BlackElo "1473"]
[Annotator "NA RC"]
[PlyCount "85"]
[EventDate "2019.05.31"]
[EventType "swiss"]
[EventCountry "ROU"]
[SourceTitle "playchess.com"]
[Source "ChessBase"]
[SourceQuality "1"]
[TimeControl "40/5400+30:1800+30"]

1. Nf3 {[%emt 0:00:00]} Nf6 {[%emt 0:00:00]} 2. g3 {[%emt 0:00:00]} g6 {[%emt 0:00:26]} 3. Bg2 {[%emt 0:00:00]} Bg7 {[%emt 0:00:13]} 4. O-O {[%emt 0:00:00]} O-O {[%emt 0:00:31]} 5. d4 {[%emt 0:00:00]} d5 {[%emt 0:00:29]} 6. b3 {[%emt 0:00:01]} c5 {[%emt 0:01:15]} 7. Bb2 {[%emt 0:00:54]} Ne4 {[%emt 0:02:34]} 8. Nbd2 {[%emt 0:06:35]} Nxd2 {[%emt 0:07:33]} 9. Qxd2 {[%emt 0:00:24]} Nc6 {[%emt 0:00:14]} 10. Rad1 {[%emt 0:05:27]} e6 {[%emt 0:09:54]} 11. Ba3 {[%emt 0:01:10]} Nxd4 {[%emt 0:04:33]} 12. Bxc5 {[%emt 0:01:06]} Nxf3+ {[%emt 0:00:09]} 13. Bxf3 {[%emt 0:00:09]} Re8 {[%emt 0:00:04]} 14. e4 {[%emt 0:00:45]} Qc7 {[%emt 0:01:01]} 15. Be3 {[%emt 0:08:06]} Rd8 {[%emt 0:13:27]} 16. exd5 {[%emt 0:04:22]} Bc3 {[%emt 0:05:17]} 17. Qc1 {[%emt 0:06:06]} exd5 {[%emt 0:01:56]} 18. Bg5 {[%emt 0:01:52]} Re8 {[%emt 0:03:56]} 19. Rxd5 {[%emt 0:04:56]} a6 {[%emt 0:07:04]} 20. Be3 {[%emt 0:01:43]} Bg7 {[%emt 0:00:47]} 21. Rfd1 {[%emt 0:01:08]} Be6 {[%emt 0:04:08]} 22. Bf4 {[%emt 0:07:42]} Qc8 {[%emt 0:08:50]} 23. R5d2 {[%emt 0:01:51]} Bf5 {[%emt 0:01:01]} 24. c4 {[%emt 0:01:05]} Bg4 {[%emt 0:04:50]} 25. Bxg4 {[%emt 0:02:46]} Qxg4 {[%emt 0:00:08]} 26. Rd7 {[%emt 0:07:08]} b5 {[%emt 0:01:03]} 27. c5 {[%emt 0:01:23]} Rac8 {[%emt 0:00:45]} 28. c6 {[%emt 0:02:15]} Bf6 {[%emt 0:02:44]} 29. c7 {[%emt 0:05:48]} h5 {[%emt 0:00:50]} 30. Qc6 {[%emt 0:04:40]} Re6 {[%emt 0:06:46]} 31. Qb7 {[%emt 0:06:55]} Re1+ {[%emt 0:02:30]} 32. Kg2 {[%emt 0:00:14]} Ree8 {[%emt 0:01:10]} 33. Qd5 {[%emt 0:05:29]} Rf8 {[%emt 0:00:56]} 34. f3 {[%emt 0:01:13]} Qe6 {[%emt 0:01:02]} 35. Qxe6 {[%emt 0:01:00]} fxe6 {[%emt 0:00:06]} 36. Bh6 {[%emt 0:04:03]} Rfe8 {[%emt 0:00:05]} 37. f4 {[%emt 0:01:03]} a5 {[%emt 0:00:26]} 38. R1d6 {[%emt 0:01:29]} h4 {[%emt 0:01:21]} 39. g4 {[%emt 0:00:31]} a4 {[%emt 0:00:44]} 40. bxa4 {[%emt 0:00:00]} bxa4 {[%emt 0:00:00]} 41. Ra6 {[%emt 0:01:09]} Ra8 {[%emt 0:00:41]} 42. Rxa8 {[%emt 0:00:22]} Rxa8 {[%emt 0:00:05]} 43. g5 1-0

[Event "European School-ch 2019"]
[Site "Mamaia"]
[Date "2019.06.05"]
[Round "6.48"]
[White "Mikhailina, Olga"]
[Black "Petrenko, Maryna"]
[Result "1/2-1/2"]
[WhiteElo "1338"]
[BlackElo "1307"]
[Annotator "NA RC"]
[PlyCount "98"]
[EventDate "2019.05.31"]
[EventType "swiss"]
[EventCountry "ROU"]
[SourceTitle "playchess.com"]
[Source "ChessBase"]
[SourceQuality "1"]
[TimeControl "40/5400+30:1800+30"]

1. e4 {[%emt 0:00:00]} c6 {[%emt 0:00:00]} 2. d4 {[%emt 0:00:00]} d5 {[%emt 0:00:00]} 3. Nc3 {[%emt 0:01:04]} dxe4 {[%emt 0:00:03]} 4. Nxe4 {[%emt 0:00:06]} Nf6 {[%emt 0:00:17]} 5. Nxf6+ {[%emt 0:03:24]} exf6 {[%emt 0:00:31]} 6. Nf3 {[%emt 0:03:27]} Bd6 {[%emt 0:04:29]} 7. Bd3 {[%emt 0:03:56]} O-O {[%emt 0:01:59]} 8. O-O {[%emt 0:00:21]} Bg4 {[%emt 0:00:49]} 9. Be3 {[%emt 0:11:57]} Nd7 {[%emt 0:03:06]} 10. Be2 {[%emt 0:18:39]} Re8 {[%emt 0:08:22]} 11. h3 {[%emt 0:06:08]} Bh5 {[%emt 0:12:05]} 12. Nh4 {[%emt 0:04:17]} Bxe2 {[%emt 0:05:06]} 13. Qxe2 {[%emt 0:00:08]} Nf8 {[%emt 0:19:50]} 14. Qg4 {[%emt 0:16:47]} Kh8 {[%emt 0:10:47]} 15. Nf5 {[%emt 0:06:10]} Ng6 {[%emt 0:03:39]} 16. h4 {[%emt 0:05:02]} Bf8 {[%emt 0:00:39]} 17. Rfe1 {[%emt 0:05:40]} Qc8 {[%emt 0:00:27]} 18. Qf3 {[%emt 0:03:57]} Rd8 {[%emt 0:03:36]} 19. h5 {[%emt 0:02:30]} Ne7 {[%emt 0:01:47]} 20. Nxe7 {[%emt 0:00:44]} Bxe7 {[%emt 0:00:03]} 21. h6 {[%emt 0:00:52]} Bf8 {[%emt 0:03:08]} 22. c3 {[%emt 0:02:12]} Rd5 {[%emt 0:02:50]} 23. hxg7+ {[%emt 0:01:43]} Bxg7 {[%emt 0:00:14]} 24. Bd2 {[%emt 0:00:39]} Qf5 {[%emt 0:01:40]} 25. Qxf5 {[%emt 0:00:40]} Rxf5 {[%emt 0:00:02]} 26. Re7 {[%emt 0:00:31]} Rb5 {[%emt 0:00:32]} 27. b3 {[%emt 0:00:48]} Kg8 {[%emt 0:00:49]} 28. Rae1 {[%emt 0:00:57]} Bf8 {[%emt 0:03:23]} 29. Re8 {[%emt 0:00:36]} Rxe8 {[%emt 0:00:07]} 30. Rxe8 {[%emt 0:00:04]} Kg7 {[%emt 0:00:16]} 31. Bh6+ {[%emt 0:01:16]} Kxh6 {[%emt 0:00:05]} 32. Rxf8 {[%emt 0:00:01]} Kg7 {[%emt 0:00:11]} 33. Re8 {[%emt 0:00:53]} b6 {[%emt 0:03:44]} 34. Re7 {[%emt 0:00:50]} Ra5 {[%emt 0:01:40]} 35. a4 {[%emt 0:00:37]} b5 {[%emt 0:00:49]} 36. Rc7 {[%emt 0:00:28]} bxa4 {[%emt 0:00:44]} 37. bxa4 {[%emt 0:00:13]} c5 {[%emt 0:02:05]} 38. Rxc5 {[%emt 0:00:45]} Rxa4 {[%emt 0:00:54]} 39. Rc7 {[%emt 0:00:30]} a5 {[%emt 0:00:49]} 40. Ra7 {[%emt 0:00:00]} Ra1+ {[%emt 0:00:00]} 41. Kh2 {[%emt 0:00:57]} Rc1 {[%emt 0:00:51]} 42. Rxa5 {[%emt 0:03:18]} Rxc3 {[%emt 0:00:52]} 43. f3 {[%emt 0:04:25]} Rd3 {[%emt 0:00:29]} 44. Rd5 {[%emt 0:02:38]} f5 {[%emt 0:01:20]} 45. Kg3 {[%emt 0:02:46]} Kf6 {[%emt 0:02:48]} 46. Kf4 {[%emt 0:03:55]} Ke6 {[%emt 0:01:20]} 47. Re5+ {[%emt 0:04:47]} Kd6 {[%emt 0:00:10]} 48. Kxf5 {[%emt 0:02:12]} Rxd4 {[%emt 0:00:04]} 49. Re8 {[%emt 0:00:47]} Rh4 {[%emt 0:02:34] Ke4 Ke5+} 1/2-1/2

[Event "European School-ch 2019"]
[Site "Mamaia"]
[Date "2019.06.05"]
[Round "6.49"]
[White "Petricenco, Ana"]
[Black "Aydin, Gulenay"]
[Result "1/2-1/2"]
[WhiteElo "1484"]
[BlackElo "1967"]
[Annotator "NA RC"]
[PlyCount "89"]
[EventDate "2019.05.31"]
[EventType "swiss"]
[EventCountry "ROU"]
[SourceTitle "playchess.com"]
[Source "ChessBase"]
[SourceQuality "1"]
[TimeControl "40/5400+30:1800+30"]

1. e4 {[%emt 0:00:00]} c5 {[%emt 0:00:00]} 2. Nf3 {[%emt 0:00:00]} d6 {[%emt 0:00:00]} 3. Bb5+ {[%emt 0:00:00]} Bd7 {[%emt 0:00:00]} 4. Bxd7+ {[%emt 0:00:00]} Qxd7 {[%emt 0:00:00]} 5. O-O {[%emt 0:00:07]} Nc6 {[%emt 0:00:51]} 6. Re1 {[%emt 0:00:39]} Nf6 7. c3 {[%emt 0:00:35]} g6 {[%emt 0:02:40]} 8. d4 {[%emt 0:01:16]} cxd4 {[%emt 0:00:23]} 9. cxd4 {[%emt 0:00:13]} Bg7 {[%emt 0:01:56] B52: Sicilian: Moscow Variation with 3...Bd7} (9... d5 10. e5 Ne4 11. Nbd2 Nxd2 12. Bxd2 Bg7 13. Qb3 O-O 14. Rac1 Rfc8 15. Qd3 Nd8 16. g3 Rxc1 17. Rxc1 {½-½ (30) Wang,C (2505)-Lu,S (2620) Xinghua 2017}) 10. a3 {[%emt 0:01:19]} O-O {[%emt 0:03:17]} 11. Nc3 {[%emt 0:01:46]} Rfd8 $146 {[%emt 0:03:02]} ({Predecessor:} 11... Rac8 12. Qd3 Rfd8 13. Bg5 h6 14. Be3 Ng4 15. Bf4 e5 16. Be3 Nxe3 17. fxe3 Na5 18. Rab1 a6 19. a4 Rc6 {1-0 (51) Zvara,D (1680)-Klima,J Ricany 2007}) 12. h3 {[%emt 0:05:26]} Rac8 {[%emt 0:02:04]} 13. Be3 {[%emt 0:02:35]} d5 {[%emt 0:02:39]} 14. e5 {[%emt 0:02:19]} Ne4 {[%emt 0:00:10]} 15. Ne2 {[%emt 0:04:01]} f6 {[%emt 0:04:27]} 16. exf6 {[%emt 0:05:08]} Bxf6 {[%emt 0:07:15]} 17. Nd2 {[%emt 0:06:05]} Nd6 {[%emt 0:03:21]} 18. Nb3 {[%emt 0:04:07]} b6 {[%emt 0:01:51]} 19. Nc3 {[%emt 0:01:08]} Nc4 {[%emt 0:07:37]} 20. Bc1 {[%emt 0:03:37]} e5 {[%emt 0:19:27]} 21. dxe5 {[%emt 0:06:04]} N6xe5 {[%emt 0:01:49]} 22. Nd4 {[%emt 0:05:49]} Re8 {[%emt 0:08:22]} 23. Nce2 {[%emt 0:06:17]} Nc6 {[%emt 0:04:28]} 24. Nxc6 {[%emt 0:03:27]} Qxc6 {[%emt 0:00:26]} 25. Rb1 {[%emt 0:02:28]} Rcd8 {[%emt 0:10:56]} 26. b3 {[%emt 0:02:12]} Nd6 {[%emt 0:01:36]} 27. Bb2 {[%emt 0:02:14]} Ne4 {[%emt 0:01:31]} 28. Bxf6 {[%emt 0:01:55]} Qxf6 {[%emt 0:00:43]} 29. f3 {[%emt 0:01:53]} Nc5 {[%emt 0:01:23]} 30. Qd2 {[%emt 0:03:12]} d4 {[%emt 0:03:17]} 31. Nc1 {[%emt 0:05:56]} Rxe1+ {[%emt 0:02:19]} 32. Qxe1 {[%emt 0:00:13]} d3 {[%emt 0:00:08]} 33. Qd2 {[%emt 0:01:16]} Qd4+ {[%emt 0:01:58]} 34. Kh1 {[%emt 0:00:49]} Ne6 {[%emt 0:01:08]} 35. b4 {[%emt 0:01:23]} Nf4 {[%emt 0:00:49]} 36. Nb3 {[%emt 0:02:20]} Qe5 {[%emt 0:01:56]} 37. Re1 {[%emt 0:02:55]} Ne2 {[%emt 0:00:47]} 38. Nc1 {[%emt 0:04:54]} Ng3+ {[%emt 0:02:47]} 39. Kg1 {[%emt 0:00:18]} Qd4+ {[%emt 0:00:35]} 40. Kh2 {[%emt 0:00:00]} Nh5 {[%emt 0:00:00]} 41. Nxd3 {[%emt 0:06:05]} Qd6+ {[%emt 0:25:05]} 42. Kg1 $11 {[%emt 0:00:19]} Qd4+ {[%emt 0:02:05]} 43. Kh2 {[%emt 0:00:09]} Qd6+ {[%emt 0:00:39]} 44. Kg1 {[%emt 0:00:21]} Qd4+ {[%emt 0:00:45]} 45. Kh2 {[%emt 0:01:31]} 1/2-1/2